Easy Minecraft Quiz - Statistics

General Stats
  • This quiz has been taken 78 times
  • The average score is 10 of 12
Answer Stats
Hint Answer % Correct
What mob blows up if you get too close? Creeper
97%
What mob shoots arrows at you? Skeleton
96%
What is the dimension that is full of lava? Nether
94%
When do monsters spawn? Night
88%
What block do you put around Enchanting Tables for better enchants? Bookshelf
85%
What do you get from smelting Iron Ore? Iron ingot
84%
What company made Minecraft? Mojang
82%
What structure is the End Portal found inside? Stronghold
81%
What is the difficulty where you lose your world if you die? Hardcore
79%
What does it allow you to do? Fly
75%
Where do you find Elytra? End City
69%
What enchantment for sword sets mobs on fire? Fire Aspect
69%
No matching quizzes found
Score Distribution
Percent of People with Each Score
Percentile by Number Answered
Your Score History
You have not taken this quiz